|
|
|
|
| LEADER |
00954nam a2200229 u 4500 |
| 001 |
10082609 |
| 003 |
upatras |
| 005 |
20241016112056.0 |
| 008 |
091215q197 f gre |
| 040 |
|
|
|a GR-PaULI
|c GR-PaULI
|
| 041 |
0 |
|
|a gre
|a ger
|
| 082 |
0 |
4 |
|a 433.89
|
| 100 |
1 |
|
|a Δαλέζιος, Ανδρέας Γ.
|9 33925
|
| 245 |
1 |
0 |
|a Λεξικόν γερμανοελληνικόν
|b Deutsch-Griechishes
|c Ανδρέου Γ. Δαλεξίου
|
| 260 |
|
|
|a Εν Αθήναις
|b Ιωάννης Σιδέρης
|c [197_;]
|
| 300 |
|
|
|a 877 σ.
|c 14 εκ.
|
| 650 |
|
4 |
|a Γερμανική γλώσσα
|x Λεξικά
|x Ελληνικά
|9 54881
|
| 852 |
|
|
|a GR-PaULI
|b ΠΑΤΡΑ
|b ΦΙΛΟΛΟΓΙΑ
|k ΔΑΝΕΙΖ-6
|h 433.89 ΔΑΛ
|p 025000195936
|t 1
|x 33
|
| 942 |
|
|
|2 ddc
|
| 952 |
|
|
|0 0
|1 0
|4 0
|6 433_890000000000000_ΔΑΛ
|7 0
|9 87513
|a LTRT
|b LTRT
|d 2016-04-24
|l 0
|o 433.89 ΔΑΛ
|p 025000195936
|r 2016-04-24 00:00:00
|t 1
|w 2016-04-24
|
| 998 |
|
|
|c ELIDOC
|d 2009-12
|
| 999 |
|
|
|c 58386
|d 58386
|